日本の中枢中核都市 - Statistics

General Stats
  • This quiz has been taken 58 times
  • The average score is 68 of 82
Answer Stats
順位 地方 人口 Answer % Correct
17 近畿地方 516,623 姫路市
100%
1 近畿地方 2,817,624 大阪市
98%
2 中部地方 2,339,756 名古屋市
98%
5 近畿地方 1,486,037 神戸市
98%
6 近畿地方 1,433,461 京都市
98%
7 中国・四国地方 1,174,338 広島市
98%
10 近畿地方 803,509 堺市
98%
11 中部地方 768,841 浜松市
98%
14 中国・四国地方 709,840 岡山市
98%
16 九州・沖縄地方 579,025 鹿児島市
98%
18 関東地方 511,148 宇都宮市
98%
3 北海道・東北地方 1,954,775 札幌市
96%
4 九州・沖縄地方 1,669,707 福岡市
96%
8 北海道・東北地方 1,094,909 仙台市
96%
9 九州・沖縄地方 900,494 北九州市
96%
12 中部地方 759,890 新潟市
96%
13 九州・沖縄地方 735,462 熊本市
96%
15 中部地方 666,032 静岡市
96%
23 中国・四国地方 464,351 倉敷市
96%
19 中国・四国地方 494,659 松山市
92%
22 九州・沖縄地方 468,870 大分市
92%
28 中国・四国地方 407,260 高松市
92%
39 近畿地方 344,415 大津市
92%
26 中国・四国地方 446,263 福山市
90%
38 近畿地方 345,151 奈良市
90%
40 近畿地方 341,482 和歌山市
90%
45 中国・四国地方 309,817 高知市
90%
74 中国・四国地方 187,910 山口市
90%
37 中部地方 358,741 長野市
88%
55 近畿地方 264,568 津市
88%
61 中国・四国地方 243,123 徳島市
88%
24 近畿地方 454,785 尼崎市
86%
25 中部地方 454,324 金沢市
86%
27 中部地方 413,894 豊田市
86%
29 中部地方 401,253 富山市
86%
32 九州・沖縄地方 391,204 宮崎市
86%
36 中部地方 360,207 豊橋市
86%
48 近畿地方 298,918 四日市市
86%
49 九州・沖縄地方 297,849 久留米市
86%
64 中国・四国地方 237,022 下関市
86%
20 近畿地方 485,815 東大阪市
84%
21 近畿地方 481,180 西宮市
84%
31 中部地方 392,350 岐阜市
84%
33 九州・沖縄地方 383,119 長崎市
84%
44 北海道・東北地方 312,471 旭川市
84%
46 九州・沖縄地方 309,372 那覇市
84%
53 北海道・東北地方 268,764 福島市
84%
60 中部地方 252,716 福井市
84%
35 関東地方 365,240 高崎市
82%
41 関東地方 325,031 前橋市
82%
43 北海道・東北地方 313,320 いわき市
82%
50 北海道・東北地方 292,377 秋田市
82%
54 関東地方 265,961 水戸市
82%
63 北海道・東北地方 237,631 山形市
82%
65 中部地方 235,650 松本市
82%
72 中国・四国地方 195,456 松江市
82%
77 中国・四国地方 179,785 鳥取市
82%
34 中部地方 379,817 岡崎市
80%
42 北海道・東北地方 316,271 郡山市
80%
52 北海道・東北地方 278,287 盛岡市
80%
66 北海道・東北地方 233,136 函館市
80%
67 九州・沖縄地方 227,141 佐賀市
80%
58 北海道・東北地方 256,133 青森市
78%
68 九州・沖縄地方 226,657 佐世保市
78%
30 近畿地方 396,453 吹田市
76%
71 北海道・東北地方 210,065 八戸市
76%
59 中部地方 252,754 長岡市
74%
62 中部地方 237,936 富士市
72%
75 中部地方 185,087 甲府市
72%
73 中国・四国地方 193,494 呉市
68%
78 中部地方 179,618 沼津市
66%
57 近畿地方 257,146 八尾市
64%
56 関東地方 263,309 つくば市
62%
80 中部地方 158,628 高岡市
62%
47 中部地方 302,786 春日井市
60%
51 近畿地方 290,597 茨木市
60%
79 中部地方 176,834 上越市
58%
76 近畿地方 183,378 岸和田市
56%
70 関東地方 210,516 伊勢崎市
54%
81 中国・四国地方 153,937 宇部市
54%
69 関東地方 221,306 太田市
50%
82 中部地方 87,911 射水市
14%
No matching quizzes found
Score Distribution
Percent of People with Each Score
Percentile by Number Answered
Your Score History
You have not taken this quiz